00950nam a22002657a 450000100040000000500170000402000190002102000150004004000230005505000210007808200110009910000180011024500910012826000360021930000510025549000260030650500080033252001830034052100200052352100200054365000370056365000360060065000160063670000320065272820260304090135.0 a9780590403603  a0590403605 aDLCcDLCdDLCbeng00aTD487b.C64 1986 a363.611 aCole, Joanna.14aThe magic school bus at the waterworks /cby Joanna Cole ; illustrated by Bruce Degen. aNew York :bScholastic ,c1986. a40 pages :bcolor illustrations ;c22 x 26 cm. aThe magic school bus  aQ  aWhen Ms. Frizzle, the strangest teacher in school, takes her class on a field trip to the waterworks, everyone ends up experiencing the water purification system from the inside. a660 bLexile  aQ bRaz-Plus  0aWaterworksxJuvenile literature. 0aHydrologyxJuvenile literature. 1aWaterworks.1 aDegen, Bruce,eillustrator.